<?xml version="1.0" encoding="UTF-8"?>
<record
    xmlns:xsi="http://www.w3.org/2001/XMLSchema-instance"
    xsi:schemaLocation="http://www.loc.gov/MARC21/slim http://www.loc.gov/standards/marcxml/schema/MARC21slim.xsd"
    xmlns="http://www.loc.gov/MARC21/slim">

  <leader>00764nam a2200145   4500</leader>
  <controlfield tag="008">708 C114v</controlfield>
  <datafield tag="082" ind1=" " ind2=" ">
    <subfield code="a">708</subfield>
    <subfield code="b">C114v</subfield>
  </datafield>
  <datafield tag="100" ind1=" " ind2=" ">
    <subfield code="a">Cabezas, Victoria </subfield>
    <subfield code="9">6949</subfield>
  </datafield>
  <datafield tag="245" ind1=" " ind2=" ">
    <subfield code="a">Give me what you ask for </subfield>
  </datafield>
  <datafield tag="260" ind1=" " ind2=" ">
    <subfield code="a">Nueva York </subfield>
    <subfield code="b">Americas Society </subfield>
    <subfield code="c">2019</subfield>
  </datafield>
  <datafield tag="300" ind1=" " ind2=" ">
    <subfield code="a">104 p.</subfield>
    <subfield code="b">ill (col)</subfield>
    <subfield code="c">18,5 x 11,5 cm </subfield>
  </datafield>
  <datafield tag="505" ind1=" " ind2=" ">
    <subfield code="t">Foreword </subfield>
    <subfield code="r">Susan Segal </subfield>
    <subfield code="t">Victoria Cabezas and Priscilla Monge: Our Bodies Ourselves </subfield>
    <subfield code="r">Miguel A. L&#xF3;pez </subfield>
    <subfield code="t">Victoria Cabezas: Slipping on the Banana Peel of Life </subfield>
    <subfield code="r">Antonella Pelizzari </subfield>
    <subfield code="t">Works </subfield>
    <subfield code="t">Biograhpy and Selected Bibliography </subfield>
    <subfield code="t">Priscilla Monge: Personal Stories and Political Undercurrents </subfield>
    <subfield code="r">Coco Fusco </subfield>
    <subfield code="t">Works</subfield>
    <subfield code="t">Biography and Selected Works</subfield>
  </datafield>
  <datafield tag="650" ind1=" " ind2=" ">
    <subfield code="x">arte contempor&#xE1;neo </subfield>
    <subfield code="x">arte - exhibiciones </subfield>
    <subfield code="x">Costa Rica</subfield>
    <subfield code="9">6950</subfield>
  </datafield>
  <datafield tag="700" ind1=" " ind2=" ">
    <subfield code="a">Monge, Priscilla </subfield>
    <subfield code="9">5671</subfield>
  </datafield>
  <datafield tag="999" ind1=" " ind2=" ">
    <subfield code="c">1744</subfield>
    <subfield code="d">1744</subfield>
  </datafield>
  <datafield tag="952" ind1=" " ind2=" ">
    <subfield code="0">0</subfield>
    <subfield code="1">0</subfield>
    <subfield code="2">ddc</subfield>
    <subfield code="4">0</subfield>
    <subfield code="7">0</subfield>
    <subfield code="a">LV</subfield>
    <subfield code="b">LV</subfield>
    <subfield code="c">Colectivas</subfield>
    <subfield code="d">2019-03-14</subfield>
    <subfield code="l">0</subfield>
    <subfield code="o">708 C114v</subfield>
    <subfield code="p">004761</subfield>
    <subfield code="r">2019-03-14 00:00:00</subfield>
    <subfield code="w">2019-03-14</subfield>
    <subfield code="y">01</subfield>
  </datafield>
  <datafield tag="952" ind1=" " ind2=" ">
    <subfield code="0">0</subfield>
    <subfield code="1">0</subfield>
    <subfield code="2">ddc</subfield>
    <subfield code="4">0</subfield>
    <subfield code="7">0</subfield>
    <subfield code="a">LV</subfield>
    <subfield code="b">LV</subfield>
    <subfield code="c">Colectivas</subfield>
    <subfield code="d">2019-05-11</subfield>
    <subfield code="l">0</subfield>
    <subfield code="o">708 C114v</subfield>
    <subfield code="p">004765</subfield>
    <subfield code="r">2019-05-11 00:00:00</subfield>
    <subfield code="w">2019-05-11</subfield>
    <subfield code="y">01</subfield>
  </datafield>
</record>
